[Event "71. Unterfraenkische Einzelmeisterschaft 2022"]
[White "Kalinina,Larisa"]
[Black "Kuhn,Norbert"]
[Site "Wertheim"]
[Round "3.3"]
[Annotator ""]
[Result "1/2-1/2"]
[Date "2022.04.19"]
[WhiteElo "2131"]
[BlackElo "2018"]
[PlyCount "80"]

1. e4 e6 2. d3 d5 3. Qe2 Nf6 4. Nf3 Be7 5. g3 c5 6. Bg2 Nc6 7. O-O O-O 8. e5 Nd7 9. c4 d4 10. h4 Qc7 11. Bf4 a6 12. Nbd2 b5 13. Ng5 Rb8 14. Qe4 Bxg5 15. Qxc6 Qxc6 16. Bxc6 Bxf4 17. gxf4 f6 18. cxb5 axb5 19. Rfe1 fxe5 20. fxe5 Rf4 21. Rac1 Rxh4 22. Bxd7 Bxd7 23. Rxc5 Kf7 24. Re4 Rxe4 25. Nxe4 Ke7 26. Ng5 h6 27. Nf3 Ra8 28. a3 Ra4 29. Ne1 b4 30. Nc2 bxa3 31. Nxa3 Rb4 32. Rc4 Rxb2 33. Rxd4 Rb3 34. Nc4 Bb5 35. Kg2 g5 36. f4 gxf4 37. Kf3 Bxc4 38. Rxc4 Rxd3+ 39. Kxf4 Kf7 40. Rc7+ Kg6 1/2-1/2

[Event "71. Unterfraenkische Einzelmeisterschaft 2022"]
[White "Grineva,Marianna"]
[Black "Basel,Matthias"]
[Site "Wertheim"]
[Round "3.4"]
[Annotator ""]
[Result "0-1"]
[Date "2022.04.19"]
[WhiteElo "1996"]
[BlackElo "2057"]
[PlyCount "92"]

1. e4 g6 2. d4 Bg7 3. Nc3 d6 4. f4 Nf6 5. Nf3 O-O 6. Be3 c5 7. dxc5 Qa5 8. Bd3 dxc5 9. O-O Ng4 10. Bd2 c4 11. Be2 Qc5+ 12. Kh1 Nf2+ 13. Rxf2 Qxf2 14. Bxc4 Bg4 15. Qf1 Qxf1+ 16. Rxf1 Nc6 17. Bd3 Rfd8 18. a3 Rac8 19. h3 Bxf3 20. Rxf3 Nd4 21. Rf2 e6 22. g4 Nb3 23. e5 Nxd2 24. Rxd2 g5 25. fxg5 Bxe5 26. h4 Bxc3 27. bxc3 Rd5 28. Rd1 Rxc3 29. Rb1 b6 30. a4 Rd4 31. a5 Rxg4 32. axb6 axb6 33. Kh2 Rxh4+ 34. Kg3 Rd4 35. Rxb6 Rc5 36. Kf3 Rxg5 37. Ke3 Rd8 38. Rb1 Kg7 39. Rh1 h6 40. Rh4 f5 41. Kf3 e5 42. Ke3 Rg3+ 43. Ke2 e4 44. Bc4 Rg2+ 45. Ke3 Rxc2 46. Be6 Kf6 0-1

[Event "71. Unterfraenkische Einzelmeisterschaft 2022"]
[White "Link,Klaus"]
[Black "Helm,Timo"]
[Site "Wertheim"]
[Round "3.6"]
[Annotator ""]
[Result "0-1"]
[Date "2022.04.19"]
[WhiteElo "1969"]
[BlackElo "2067"]
[PlyCount "72"]

1. e4 e6 2. d4 d5 3. exd5 exd5 4. Nf3 Bg4 5. h3 Bh5 6. Bf4 Nc6 7. c3 Bd6 8. Bxd6 Qxd6 9. Bd3 Nge7 10. Nbd2 O-O 11. Qc2 Bg6 12. O-O Rfe8 13. Rfe1 Bxd3 14. Qxd3 Ng6 15. g3 b6 16. Nf1 Qd7 17. h4 Rxe1 18. Rxe1 Re8 19. Rxe8+ Qxe8 20. h5 Nf8 21. Ne3 Qd7 22. Kg2 h6 23. b4 Nh7 24. Ne5 Qe6 25. Qf5 Ne7 26. Qxe6 fxe6 27. g4 Ng5 28. f3 Nf7 29. Nxf7 Kxf7 30. f4 Kf6 31. Kg3 Nc8 32. Kh4 Nd6 33. g5+ Ke7 34. gxh6 gxh6 35. Kg4 Kf6 36. Kf3 Ne4 0-1

[Event "71. Unterfraenkische Einzelmeisterschaft 2022"]
[White "Link,Robert"]
[Black "Oster,Klaus"]
[Site "Wertheim"]
[Round "3.7"]
[Annotator ""]
[Result "1/2-1/2"]
[Date "2022.04.19"]
[WhiteElo "1944"]
[BlackElo "1915"]
[PlyCount "35"]

1. d4 d5 2. c4 e6 3. Nf3 Nf6 4. g3 dxc4 5. Bg2 c5 6. O-O Nc6 7. e3 cxd4 8. exd4 Rb8 9. a4 Bd6 10. Na3 Bxa3 11. Rxa3 Nd5 12. Qc2 Na5 13. Bd2 b6 14. Ne5 Bb7 15. Bxa5 bxa5 16. Qxc4 O-O 17. Qb5 Ba8 18. Qe2 1/2-1/2

[Event "71. Unterfraenkische Einzelmeisterschaft 2022"]
[White "Ersoez,Can"]
[Black "Roth,Ludwig"]
[Site "Wertheim"]
[Round "3.9"]
[Annotator ""]
[Result "0-1"]
[Date "2022.04.19"]
[WhiteElo "1943"]
[BlackElo "1522"]
[PlyCount "74"]

1. e4 e5 2. Nf3 Nc6 3. Bc4 Bc5 4. c3 Nf6 5. d3 d6 6. Bb3 a5 7. Nbd2 b5 8. a4 b4 9. Nc4 Bg4 10. h3 Bh5 11. Ne3 Rb8 12. Nf5 Rg8 13. g4 Bg6 14. d4 Ba7 15. Bg5 Bxf5 16. exf5 Kf8 17. O-O e4 18. Bd5 Ne7 19. Bxf6 gxf6 20. Bxe4 d5 21. Bd3 h5 22. Nh2 c5 23. dxc5 Bxc5 24. Qd2 Rh8 25. Qf4 Bd6 26. Qd4 Be5 27. Qc5 Rc8 28. Qe3 Bxh2+ 29. Kxh2 hxg4 30. f3 Rxh3+ 31. Kg2 Qd6 32. Rf2 Qg3+ 33. Kf1 Rh1+ 34. Ke2 Rxa1 35. Qh6+ Kg8 36. Qxf6 Re8 37. Bb5 Nc6+ 0-1

[Event "71. Unterfraenkische Einzelmeisterschaft 2022"]
[White "Schellenberger,Dirk"]
[Black "Voellinger,Florian"]
[Site "Wertheim"]
[Round "3.10"]
[Annotator ""]
[Result "1-0"]
[Date "2022.04.19"]
[WhiteElo "1680"]
[BlackElo "1866"]
[PlyCount "89"]

1. Nf3 d5 2. c4 e6 3. e3 Nf6 4. b3 Be7 5. Bb2 Nbd7 6. Be2 O-O 7. O-O b6 8. d4 Bb7 9. Nbd2 a5 10. Qc2 c5 11. Rfd1 Qb8 12. h3 Rc8 13. dxc5 Bxc5 14. Qb1 a4 15. b4 Be7 16. a3 dxc4 17. Nxc4 Be4 18. Bd3 Bd5 19. Ncd2 h6 20. e4 Bb7 21. Bd4 e5 22. Bb2 Nh7 23. Qa2 Rf8 24. Nc4 Bf6 25. Bc2 b5 26. Nd6 Bc6 27. Nf5 Ng5 28. Nxg5 Bxg5 29. h4 Bf6 30. g3 Qb7 31. f3 Rad8 32. Bc1 Nb6 33. Be3 Nc4 34. Bc5 Rfe8 35. Bd3 g6 36. Nxh6+ Kg7 37. Bxc4 bxc4 38. Ng4 Rd3 39. Rxd3 cxd3 40. Qd2 Rh8 41. Qxd3 Bxh4 42. gxh4 f5 43. Nxe5 fxe4 44. Qd4 Kh7 45. Qd6 1-0

[Event "71. Unterfraenkische Einzelmeisterschaft 2022"]
[White "Bauer,Ottmar"]
[Black "Rauth,Markus"]
[Site "Wertheim"]
[Round "3.11"]
[Annotator ""]
[Result "0-1"]
[Date "2022.04.19"]
[WhiteElo "1703"]
[BlackElo "1775"]
[PlyCount "76"]

1. e4 c5 2. Nf3 d6 3. d4 cxd4 4. Nxd4 Nf6 5. f3 e5 6. Nb3 Be6 7. c4 Nxe4 8. g3 Nf6 9. Nc3 Be7 10. Be3 O-O 11. Bd3 d5 12. cxd5 Nxd5 13. Nxd5 Bxd5 14. O-O Nc6 15. Rc1 f5 16. Qc2 Nb4 17. Qb1 Bxb3 18. Bxf5 Rxf5 19. Qxf5 Nxa2 20. Ra1 Bf6 21. Qe4 Qd7 22. Rf2 a5 23. Rd2 Qc7 24. f4 Nb4 25. Qf5 Nd5 26. Qe6+ Qf7 27. Qxf7+ Kxf7 28. fxe5 Bxe5 29. Ra3 a4 30. Rxb3 axb3 31. Rxd5 Ra1+ 32. Kf2 Ke6 33. Rb5 Rb1 34. Rxb3 Rxb2+ 35. Rxb2 Bxb2 36. Bb6 Kd5 37. Ke3 Ba3 38. Bd4 Bc5 0-1

[Event "71. Unterfraenkische Einzelmeisterschaft 2022"]
[White "Valean,David-Andrei"]
[Black "Englert,Fred"]
[Site "Wertheim"]
[Round "3.12"]
[Annotator ""]
[Result "1/2-1/2"]
[Date "2022.04.19"]
[WhiteElo "1280"]
[BlackElo "1733"]
[PlyCount "25"]

1. e4 c6 2. d4 d5 3. exd5 cxd5 4. c4 Nf6 5. Nc3 Nc6 6. Nf3 g6 7. Qb3 e6 8. Bg5 Na5 9. Bxf6 Nxb3 10. Bxd8 Nxa1 11. Bf6 Rg8 12. Kd2 Rh8 13. Ke1 1/2-1/2

[Event "71. Unterfraenkische Einzelmeisterschaft 2022"]
[White "Englert,Fabian"]
[Black "Amtmann,Florian"]
[Site "Wertheim"]
[Round "4.1"]
[Annotator ""]
[Result "1-0"]
[Date "2022.04.20"]
[WhiteElo "2420"]
[BlackElo "2130"]
[PlyCount "63"]

1. d4 Nf6 2. c4 c5 3. d5 e6 4. Nc3 exd5 5. cxd5 d6 6. e4 g6 7. Bd3 Bg7 8. h3 O-O 9. Nf3 Nh5 10. Bg5 Bf6 11. Bh6 Re8 12. O-O Nd7 13. Be2 Ng7 14. Qd2 a6 15. a4 Rb8 16. g4 Ne5 17. Ng5 Bxg5 18. Bxg5 f6 19. Be3 Nf7 20. f4 Bd7 21. Rab1 Qa5 22. Bf3 Qb4 23. b3 b5 24. axb5 axb5 25. Qb2 Ra8 26. Ne2 f5 27. gxf5 Rxe4 28. Bd2 Rxe2 29. Bxe2 Qe4 30. Bf3 Qd3 31. Rbd1 Nxf5 32. Bc1 1-0

[Event "71. Unterfraenkische Einzelmeisterschaft 2022"]
[White "Heidel,Andre Nicolas"]
[Black "Babiy,Olga"]
[Site "Wertheim"]
[Round "4.2"]
[Annotator ""]
[Result "0-1"]
[Date "2022.04.20"]
[WhiteElo "2154"]
[BlackElo "2261"]
[PlyCount "62"]

1. d4 d5 2. Nf3 Nf6 3. g3 b5 4. Bg2 e6 5. O-O c5 6. Bg5 Nbd7 7. a4 b4 8. c4 bxc3 9. Nxc3 Ba6 10. Re1 Be7 11. dxc5 Bxc5 12. e4 Qb6 13. Be3 Bxe3 14. fxe3 Nxe4 15. Nxe4 dxe4 16. Ng5 Nc5 17. Qh5 g6 18. Qh6 Qxb2 19. Rac1 Rc8 20. Bxe4 Ke7 21. Rc2 Qe5 22. Bg2 Nd3 23. Nxf7 Kxf7 24. Rf1+ Ke7 25. Rxc8 Bxc8 26. Be4 Qxe4 27. Qg7+ Kd6 28. Qxh8 Qxe3+ 29. Kg2 Bb7+ 30. Kh3 Qh6+ 31. Kg4 Qh5# 0-1

[Event "71. Unterfraenkische Einzelmeisterschaft 2022"]
[White "Basel,Matthias"]
[Black "Kalinina,Larisa"]
[Site "Wertheim"]
[Round "4.3"]
[Annotator ""]
[Result "0-1"]
[Date "2022.04.20"]
[WhiteElo "2057"]
[BlackElo "2131"]
[PlyCount "82"]

1. d4 g6 2. Nf3 Bg7 3. c4 f5 4. g3 Nf6 5. Bg2 O-O 6. Nc3 e6 7. Bf4 d6 8. Qb3 Qe7 9. O-O h6 10. Rfe1 g5 11. Bd2 Ne4 12. Rad1 Nxd2 13. Rxd2 Nd7 14. h4 c6 15. e4 f4 16. hxg5 fxg3 17. fxg3 hxg5 18. Nd1 Bh6 19. Rf2 Nf6 20. Nh2 e5 21. c5+ Be6 22. d5 cxd5 23. exd5 Bf7 24. Ne3 Bg6 25. cxd6 Qxd6 26. Qxb7 Bg7 27. Qc6 Qb4 28. Rd1 e4 29. a3 Qb3 30. Qc4 Qxe3 31. d6+ Kh7 32. d7 Rad8 33. Qe6 Rxd7 34. Rxd7 Nxd7 35. Qh3+ Kg8 36. Qe6+ Bf7 37. Qxd7 Bd4 38. Ng4 Qe1+ 39. Kh2 Bxf2 40. Qf5 Bxg3+ 41. Kh3 Bf4 0-1

[Event "71. Unterfraenkische Einzelmeisterschaft 2022"]
[White "Helm,Timo"]
[Black "Kuhn,Norbert"]
[Site "Wertheim"]
[Round "4.4"]
[Annotator ""]
[Result "1-0"]
[Date "2022.04.20"]
[WhiteElo "2067"]
[BlackElo "2018"]
[PlyCount "53"]

1. f4 d5 2. e3 c5 3. b3 Bf5 4. Bb5+ Nc6 5. Nf3 Nf6 6. Bb2 e6 7. O-O h6 8. d3 Be7 9. Ne5 Qb6 10. Bxc6+ bxc6 11. Nc3 c4 12. Qe2 cxd3 13. cxd3 c5 14. Rac1 Rc8 15. Kh1 O-O 16. g4 d4 17. gxf5 dxc3 18. Bxc3 exf5 19. Qg2 Rfd8 20. Rf3 Ng4 21. Nxg4 fxg4 22. Qxg4 Bf6 23. Bxf6 Qxf6 24. Rg1 Rc6 25. e4 Kh8 26. e5 Qg6 27. Qh4 1-0

[Event "71. Unterfraenkische Einzelmeisterschaft 2022"]
[White "Grineva,Marianna"]
[Black "Steinmacher,Josef"]
[Site "Wertheim"]
[Round "4.5"]
[Annotator ""]
[Result "1-0"]
[Date "2022.04.20"]
[WhiteElo "1996"]
[BlackElo "2031"]
[PlyCount "87"]

1. e4 Nf6 2. e5 Nd5 3. d4 d6 4. Nf3 Bf5 5. Be2 e6 6. O-O Be7 7. Bd2 O-O 8. c4 Nb6 9. Bc3 c5 10. exd6 Qxd6 11. Na3 N8d7 12. Qb3 Rac8 13. Rfd1 Rfd8 14. Nc2 Bf6 15. Ne3 Be4 16. Ng4 Be7 17. a4 Qb8 18. a5 Na8 19. Nd2 cxd4 20. Bxd4 Bf5 21. Qc3 f6 22. b4 Nc7 23. Qb3 e5 24. Bb2 Be6 25. b5 Ne8 26. Qf3 Nd6 27. Ne3 Nf7 28. Nf5 Bf8 29. h4 g6 30. Ne3 f5 31. Nd5 Re8 32. Nf1 Bg7 33. Qa3 Bf8 34. Qa4 Bg7 35. Rac1 Nf6 36. Nxf6+ Bxf6 37. c5 Qc7 38. a6 Red8 39. axb7 Qxb7 40. c6 Qc7 41. Bc3 Rxd1 42. Rxd1 Bd8 43. Bc4 Bxc4 44. Qxc4 1-0

[Event "71. Unterfraenkische Einzelmeisterschaft 2022"]
[White "Lutz,Peter"]
[Black "Link,Robert"]
[Site "Wertheim"]
[Round "4.6"]
[Annotator ""]
[Result "1/2-1/2"]
[Date "2022.04.20"]
[WhiteElo "2003"]
[BlackElo "1944"]
[PlyCount "44"]

1. d4 d5 2. Nf3 e6 3. g3 Nf6 4. Bg2 c5 5. c3 Nc6 6. O-O Qb6 7. e3 Be7 8. Nbd2 O-O 9. h3 Qc7 10. Qe2 Rd8 11. b3 a5 12. Bb2 a4 13. bxa4 Rxa4 14. dxc5 Bxc5 15. c4 dxc4 16. Nxc4 b6 17. Qc2 Ra7 18. Rfd1 Nb4 19. Rxd8+ Qxd8 20. Rd1 Rd7 21. Rxd7 Qxd7 22. Qb3 Qd3 1/2-1/2

[Event "71. Unterfraenkische Einzelmeisterschaft 2022"]
[White "Oster,Klaus"]
[Black "Link,Klaus"]
[Site "Wertheim"]
[Round "4.7"]
[Annotator ""]
[Result "0-1"]
[Date "2022.04.20"]
[WhiteElo "1915"]
[BlackElo "1969"]
[PlyCount "64"]

1. d4 c5 2. d5 d6 3. Nc3 g6 4. e4 Bg7 5. Nf3 a6 6. a4 Nf6 7. Bc4 O-O 8. O-O Ng4 9. h3 Ne5 10. Nxe5 Bxe5 11. Bh6 Re8 12. Qd2 Nd7 13. Ra2 Rb8 14. a5 b5 15. axb6 Nxb6 16. Be2 e6 17. dxe6 Bxe6 18. Nd5 Nxd5 19. exd5 Bf5 20. c3 a5 21. Bg5 Qb6 22. Bc4 a4 23. g4 Bd7 24. Bf4 Bb5 25. Bxb5 Qxb5 26. Re1 Bxf4 27. Rxe8+ Rxe8 28. Qxf4 Re1+ 29. Kh2 Qf1 30. Kg3 Qd3+ 31. Kh2 Qxd5 32. Rxa4 g5 0-1

[Event "71. Unterfraenkische Einzelmeisterschaft 2022"]
[White "Roth,Ludwig"]
[Black "Schellenberger,Dirk"]
[Site "Wertheim"]
[Round "4.9"]
[Annotator ""]
[Result "1-0"]
[Date "2022.04.20"]
[WhiteElo "1522"]
[BlackElo "1680"]
[PlyCount "75"]

1. e4 c5 2. d4 cxd4 3. c3 Nf6 4. e5 Nd5 5. Qxd4 e6 6. Nf3 Nc6 7. Qe4 d6 8. c4 Nb6 9. Bf4 d5 10. cxd5 exd5 11. Qc2 Bb4+ 12. Nbd2 Bg4 13. Bb5 O-O 14. O-O Rc8 15. Ng5 g6 16. Qd3 Be7 17. Qg3 h5 18. Ndf3 f6 19. exf6 Bxf6 20. h3 Bf5 21. Rfe1 Qd7 22. Ne5 Qg7 23. Ngf3 Nxe5 24. Bxe5 Nc4 25. Bxc4 dxc4 26. Rad1 Rfd8 27. Qf4 b5 28. Bxf6 Qxf6 29. g4 hxg4 30. hxg4 Qxb2 31. gxf5 Qf6 32. Qg3 Qxf5 33. Nh4 Qf6 34. Nxg6 Rxd1 35. Rxd1 Qg7 36. Ne7+ Kf7 37. Qxg7+ Kxg7 38. Nxc8 1-0

[Event "71. Unterfraenkische Einzelmeisterschaft 2022"]
[White "Rauth,Markus"]
[Black "Scholz,Michael"]
[Site "Wertheim"]
[Round "4.10"]
[Annotator ""]
[Result "1/2-1/2"]
[Date "2022.04.20"]
[WhiteElo "1775"]
[BlackElo "1832"]
[PlyCount "34"]

1. e4 d5 2. exd5 Nf6 3. d4 Nxd5 4. Bd3 Nb4 5. Bc4 Bf5 6. Na3 e6 7. c3 Nd5 8. Nc2 c6 9. Ne2 Nd7 10. Ne3 Bg6 11. O-O Bd6 12. Nxd5 exd5 13. Bd3 Qc7 14. g3 O-O-O 15. Bf4 Bxd3 16. Qxd3 Bxf4 17. Nxf4 g6 1/2-1/2

[Event "71. Unterfraenkische Einzelmeisterschaft 2022"]
[White "Friesen,Arthur"]
[Black "Ersoez,Can"]
[Site "Wertheim"]
[Round "4.11"]
[Annotator ""]
[Result "0-1"]
[Date "2022.04.20"]
[WhiteElo "1757"]
[BlackElo "1943"]
[PlyCount "70"]

1. d4 Nf6 2. c4 g6 3. Nc3 Bg7 4. e4 d6 5. Nf3 O-O 6. Be2 e5 7. Be3 Ng4 8. Bg5 f6 9. Bc1 f5 10. dxe5 fxe4 11. Nxe4 Nxe5 12. Nxe5 dxe5 13. Qxd8 Rxd8 14. Bg5 Rf8 15. O-O Nc6 16. Rfc1 Bf5 17. f3 Nd4 18. Bd1 Bxe4 19. fxe4 Rf7 20. Be3 h5 21. c5 Kh7 22. h3 Bh6 23. Bxh6 Kxh6 24. Bb3 Rf4 25. Rf1 Raf8 26. g3 Ne2+ 27. Kg2 Rxf1 28. Rxf1 Rxf1 29. Kxf1 Nxg3+ 30. Kg2 Nxe4 31. c6 bxc6 32. Bc2 Nd6 33. Kf3 Kg5 34. Kg3 Nf5+ 35. Kf3 Nd4+ 0-1

[Event "71. Unterfraenkische Einzelmeisterschaft 2022"]
[White "Helm,Timo"]
[Black "Englert,Fabian"]
[Site "Wertheim"]
[Round "5.1"]
[Annotator ""]
[Result "0-1"]
[Date "2022.04.20"]
[WhiteElo "2067"]
[BlackElo "2420"]
[PlyCount "52"]

1. e4 c5 2. b3 g6 3. Bb2 Nf6 4. Nc3 Nc6 5. f4 d6 6. Nf3 Bg7 7. d3 O-O 8. Be2 b5 9. Qd2 b4 10. Nd1 a5 11. a4 Qb6 12. Ne3 Ba6 13. Rb1 e5 14. fxe5 dxe5 15. g4 Rad8 16. Qc1 Nd4 17. g5 Nxe2 18. Kxe2 Nxe4 19. Nc4 Bxc4 20. bxc4 Nd6 21. Qe3 e4 22. Nd2 exd3+ 23. cxd3 Rfe8 24. Ne4 Rxe4 25. dxe4 Nxc4 26. Qc1 Nxb2 0-1

[Event "71. Unterfraenkische Einzelmeisterschaft 2022"]
[White "Babiy,Olga"]
[Black "Kalinina,Larisa"]
[Site "Wertheim"]
[Round "5.2"]
[Annotator ""]
[Result "1-0"]
[Date "2022.04.20"]
[WhiteElo "2261"]
[BlackElo "2131"]
[PlyCount "55"]

1. d4 d5 2. Bf4 e6 3. e3 Bd6 4. Nf3 Bxf4 5. exf4 Qf6 6. g3 h5 7. h4 Nh6 8. c3 Ng4 9. Nbd2 Nd7 10. b4 Qe7 11. Bd3 Nf8 12. O-O Bd7 13. Re1 f6 14. Qb3 O-O-O 15. Qxd5 Bc6 16. Qb3 Kb8 17. b5 Bxf3 18. Nxf3 Re8 19. a4 Qd8 20. Bc4 e5 21. dxe5 fxe5 22. Rad1 Qf6 23. Nxe5 Nxe5 24. fxe5 Qf5 25. Bf7 Rc8 26. e6 Ng6 27. Bxg6 Qxg6 28. e7 1-0

[Event "71. Unterfraenkische Einzelmeisterschaft 2022"]
[White "Amtmann,Florian"]
[Black "Basel,Matthias"]
[Site "Wertheim"]
[Round "5.3"]
[Annotator ""]
[Result "1-0"]
[Date "2022.04.20"]
[WhiteElo "2130"]
[BlackElo "2057"]
[PlyCount "70"]

1. e4 g6 2. d4 Bg7 3. Nf3 d6 4. Bc4 Nf6 5. Qe2 O-O 6. e5 dxe5 7. dxe5 Nd5 8. O-O c6 9. Nbd2 Qc7 10. Re1 a5 11. a4 Na6 12. c3 Nc5 13. Ne4 b6 14. Nxc5 bxc5 15. Qe4 Rd8 16. Qh4 Nb6 17. Ba2 h5 18. Bg5 Re8 19. e6 Nd5 20. Bf4 Nxf4 21. exf7+ Kf8 22. fxe8=Q+ Kxe8 23. Re4 Nd5 24. Rae1 Bf6 25. Qg3 Qxg3 26. hxg3 Rb8 27. R4e2 Bg4 28. Rd2 Nxc3 29. bxc3 Bxc3 30. Rc2 Bxe1 31. Nxe1 Bf5 32. Rxc5 Rb2 33. Bc4 Rb1 34. Re5 Kd7 35. Re3 c5 1-0

[Event "71. Unterfraenkische Einzelmeisterschaft 2022"]
[White "Roth,Jakob"]
[Black "Heidel,Andre Nicolas"]
[Site "Wertheim"]
[Round "5.4"]
[Annotator ""]
[Result "0-1"]
[Date "2022.04.20"]
[WhiteElo "1980"]
[BlackElo "2154"]
[PlyCount "130"]

1. d4 d5 2. c4 c6 3. Nf3 Nf6 4. Nc3 dxc4 5. a4 Bf5 6. e3 e6 7. Bxc4 Bb4 8. O-O O-O 9. Qe2 Nbd7 10. e4 Bg6 11. Bd3 Re8 12. e5 Bxd3 13. Qxd3 Nd5 14. Ne4 Nf8 15. Bg5 Qc7 16. Rac1 Ng6 17. g3 h6 18. Bd2 Bf8 19. h4 Be7 20. h5 Nf8 21. g4 Nh7 22. Kh1 Qd8 23. Nh2 f5 24. gxf5 exf5 25. Ng3 f4 26. Nf5 Rf8 27. Rg1 Bg5 28. Nd6 Qd7 29. Ng4 Kh8 30. Kh2 Be7 31. Ne4 Ng5 32. Nxg5 Bxg5 33. f3 Rfd8 34. Kg2 Ne7 35. Bc3 Nf5 36. Rgd1 Qf7 37. Qe4 Rd5 38. Kf2 Rf8 39. Rh1 Ng3 40. Qc2 Nxh1+ 41. Rxh1 Qf5 42. Qxf5 Rxf5 43. Ke2 Kg8 44. Kd3 Kf7 45. Ke4 Ke6 46. Bb4 Rf7 47. Nf2 Rfd7 48. Rd1 Bh4 49. Nh3 Rxe5+ 50. dxe5 Rxd1 51. Nxf4+ Kf7 52. Ng6 Be1 53. Ba3 Bf2 54. Kf5 c5 55. f4 b6 56. Nh8+ Ke8 57. Kg6 Rg1+ 58. Kh7 Be3 59. Ng6 Kf7 60. f5 Rg5 61. e6+ Ke8 62. f6 gxf6 63. Kxh6 Rf5+ 64. Kg7 Rxh5 65. Kxf6 Bd4+ 0-1

[Event "71. Unterfraenkische Einzelmeisterschaft 2022"]
[White "Link,Klaus"]
[Black "Grineva,Marianna"]
[Site "Wertheim"]
[Round "5.5"]
[Annotator ""]
[Result "1/2-1/2"]
[Date "2022.04.20"]
[WhiteElo "1969"]
[BlackElo "1996"]
[PlyCount "110"]

1. e4 d6 2. d4 g6 3. Nc3 Bg7 4. Be3 a6 5. Qd2 b5 6. Bd3 Bb7 7. f3 Nd7 8. Nce2 c5 9. c3 h6 10. Nh3 Ngf6 11. Nf2 Qc7 12. O-O e5 13. a4 c4 14. Bc2 Qb8 15. Ra2 h5 16. axb5 axb5 17. Rfa1 O-O 18. Rxa8 Bxa8 19. Qc1 Rc8 20. Ra5 Ne8 21. Qa1 Nc7 22. f4 exd4 23. Nxd4 Nc5 24. f5 Re8 25. fxg6 fxg6 26. e5 Qb7 27. Nf3 Rxe5 28. Ra7 Qd5 29. Rxc7 Rxe3 30. Rc8+ Kh7 31. Qxa8 Qxa8 32. Rxa8 Re2 33. Ng5+ Kh6 34. Nf7+ Kh7 35. Nh3 Bf6 36. Bxg6+ Kg7 37. Bxh5 Rxb2 38. Nxd6 Bxc3 39. g4 Bd4+ 40. Kf1 Kf6 41. Re8 Ne6 42. Bf7 Ng5 43. Nxg5 Kxg5 44. Re4 Bb6 45. Re5+ Kxg4 46. Be6+ Kh4 47. Re4+ Kg5 48. h4+ Kh6 49. Bxc4 bxc4 50. Nxc4 Rf2+ 51. Ke1 Rf6 52. Ke2 Kh5 53. Re8 Kxh4 54. Rh8+ Kg3 55. Nxb6 Rxb6 1/2-1/2

[Event "71. Unterfraenkische Einzelmeisterschaft 2022"]
[White "Kuhn,Norbert"]
[Black "Lutz,Peter"]
[Site "Wertheim"]
[Round "5.6"]
[Annotator ""]
[Result "1-0"]
[Date "2022.04.20"]
[WhiteElo "2018"]
[BlackElo "2003"]
[PlyCount "81"]

1. e4 e5 2. d4 exd4 3. Nf3 Nc6 4. c3 d5 5. exd5 Qxd5 6. cxd4 Nf6 7. Nc3 Bb4 8. Be2 O-O 9. O-O Bxc3 10. bxc3 Bf5 11. c4 Qe4 12. Bb2 Ne7 13. Re1 Ng6 14. g3 c6 15. Rc1 Qe6 16. h4 Bg4 17. d5 cxd5 18. Ng5 Qd7 19. Bxf6 Bxe2 20. Rxe2 gxf6 21. Ne4 Kg7 22. cxd5 Qg4 23. Re3 Qxd1+ 24. Rxd1 f5 25. Nd6 f4 26. Rf3 fxg3 27. fxg3 Ne5 28. Rc3 b6 29. Kg2 h5 30. Rc7 Ng4 31. Kf3 a5 32. Kf4 Kg6 33. Nf5 Nf2 34. Ne7+ Kf6 35. Rd2 Nh3+ 36. Ke4 Rae8 37. d6 Rg8 38. Kf3 Rh8 39. Nc6 Re1 40. d7 Ng1+ 41. Ke4 1-0

[Event "71. Unterfraenkische Einzelmeisterschaft 2022"]
[White "Link,Robert"]
[Black "Steinmacher,Josef"]
[Site "Wertheim"]
[Round "5.7"]
[Annotator ""]
[Result "0-1"]
[Date "2022.04.20"]
[WhiteElo "1944"]
[BlackElo "2031"]
[PlyCount "72"]

1. c4 e5 2. g3 Nf6 3. Bg2 Nc6 4. Nc3 Bb4 5. Nd5 Be7 6. e3 O-O 7. Ne2 Re8 8. O-O d6 9. Nec3 Bf5 10. d3 Qd7 11. a3 Nxd5 12. cxd5 Nd8 13. f4 c6 14. e4 Bg4 15. Bf3 Bxf3 16. Qxf3 cxd5 17. Nxd5 f6 18. Be3 Ne6 19. Qg4 Kh8 20. Rac1 Bd8 21. f5 Nc7 22. Nxc7 Bxc7 23. Rc2 Bb6 24. Bxb6 axb6 25. Rfc1 Rec8 26. Qd1 Rc6 27. Rc4 d5 28. Rxc6 bxc6 29. d4 dxe4 30. dxe5 Qxf5 31. Rxc6 Qxe5 32. Qd7 h6 33. Rc7 f5 34. Rc6 f4 35. gxf4 Qxf4 36. Qd4 Rf8 0-1

[Event "71. Unterfraenkische Einzelmeisterschaft 2022"]
[White "Oster,Klaus"]
[Black "Markert,Markus"]
[Site "Wertheim"]
[Round "5.8"]
[Annotator ""]
[Result "1/2-1/2"]
[Date "2022.04.20"]
[WhiteElo "1915"]
[BlackElo "1986"]
[PlyCount "82"]

1. d4 d5 2. Nf3 Nf6 3. g3 Nc6 4. Bg2 e6 5. O-O Bd6 6. c4 O-O 7. b3 Re8 8. Bb2 b6 9. Ne5 Bb7 10. Nd2 Ne7 11. Nd3 c6 12. e4 dxe4 13. Nxe4 Nxe4 14. Bxe4 Ng6 15. Re1 Qc7 16. h4 Bxg3 17. h5 Bh2+ 18. Kh1 f5 19. hxg6 fxe4 20. gxh7+ Kh8 21. Ne5 Bxe5 22. dxe5 Rad8 23. Qh5 Rf8 24. Kg1 Rf5 25. Qg6 Qe7 26. Bc1 Rd3 27. Kf1 e3 28. Bxe3 c5 29. f4 Qh4 30. Ke2 Be4 31. Rf1 Qh3 32. Qg1 Rh5 33. Rad1 Qf5 34. Rf2 Rh1 35. Qxh1 Bxh1 36. Rxd3 Be4 37. Rd8+ Kxh7 38. Rh2+ Kg6 39. Rh4 Bb1 40. Rd2 Kf7 41. Rh1 Ke7 1/2-1/2

[Event "71. Unterfraenkische Einzelmeisterschaft 2022"]
[White "Rauth,Markus"]
[Black "Roth,Ludwig"]
[Site "Wertheim"]
[Round "5.9"]
[Annotator ""]
[Result "1/2-1/2"]
[Date "2022.04.20"]
[WhiteElo "1775"]
[BlackElo "1522"]
[PlyCount "79"]

1. e4 d6 2. Nc3 Nf6 3. f4 e5 4. fxe5 dxe5 5. Nf3 Bc5 6. Nxe5 Qd4 7. Nd3 Bb6 8. h3 O-O 9. Qf3 Re8 10. Ne2 Rxe4 11. c3 Qd8 12. Nf2 Re8 13. d4 Be6 14. Bg5 c5 15. dxc5 Bxc5 16. Rd1 Bxf2+ 17. Qxf2 Nbd7 18. Bxf6 Qxf6 19. Qxf6 Nxf6 20. a3 Bb3 21. Rd4 Ne4 22. g4 Re7 23. Rg1 Rae8 24. Rd3 Bc4 25. Re3 Ng5 26. Rxe7 Rxe7 27. Rg3 Kf8 28. h4 Ne6 29. Re3 b5 30. Kf2 Rd7 31. Ke1 a5 32. Re4 a4 33. Nd4 Nxd4 34. cxd4 Re7 35. Bg2 Bd3 36. Rxe7 Kxe7 37. Kd2 Bc4 38. Be4 g6 39. Bd3 Bxd3 40. Kxd3 1/2-1/2

[Event "71. Unterfraenkische Einzelmeisterschaft 2022"]
[White "Bauer,Ottmar"]
[Black "Ersoez,Can"]
[Site "Wertheim"]
[Round "5.10"]
[Annotator ""]
[Result "1/2-1/2"]
[Date "2022.04.20"]
[WhiteElo "1703"]
[BlackElo "1943"]
[PlyCount "61"]

1. e4 c5 2. Nf3 d6 3. d4 cxd4 4. Nxd4 Nf6 5. f3 g6 6. Be3 Bg7 7. Qd2 Nc6 8. Nxc6 bxc6 9. Nc3 Be6 10. Be2 Qa5 11. O-O O-O 12. Rab1 Rfb8 13. b3 Qb4 14. Na4 Nd7 15. Rfd1 Qxd2 16. Rxd2 Nb6 17. Nxb6 axb6 18. a4 b5 19. axb5 cxb5 20. Bd4 Ra2 21. Bxg7 Kxg7 22. Kf2 b4 23. Ke3 Rc8 24. Bd3 Rc3 25. g4 g5 26. h3 h6 27. Rf2 Kf6 28. f4 gxf4+ 29. Rxf4+ Ke5 30. Rf2 Kd4+ 31. Kxd4 1/2-1/2

[Event "71. Unterfraenkische Einzelmeisterschaft 2022"]
[White "Scholz,Michael"]
[Black "Voellinger,Florian"]
[Site "Wertheim"]
[Round "5.11"]
[Annotator ""]
[Result "1/2-1/2"]
[Date "2022.04.20"]
[WhiteElo "1832"]
[BlackElo "1866"]
[PlyCount "65"]

1. e4 d5 2. exd5 Qxd5 3. d4 e5 4. dxe5 Qxe5+ 5. Qe2 Qxe2+ 6. Bxe2 Bf5 7. c3 Nf6 8. Nf3 Bc5 9. Nbd2 O-O 10. Nb3 Bb6 11. O-O Re8 12. Bc4 a6 13. Nbd4 Bg6 14. h3 Nbd7 15. Nh4 Bxd4 16. cxd4 Be4 17. f3 Bd5 18. Bd3 Nb6 19. b3 Nh5 20. Kf2 g6 21. g4 Ng7 22. Bd2 Bc6 23. Rfe1 Ne6 24. Bc3 Nd5 25. Bb2 Nb4 26. Rad1 Nxd3+ 27. Rxd3 Nf4 28. Rde3 Nxh3+ 29. Kg3 Ng5 30. Re5 Rad8 31. Rxe8+ Rxe8 32. Rxe8+ Bxe8 33. d5 1/2-1/2

[Event "71. Unterfraenkische Einzelmeisterschaft 2022"]
[White "Englert,Fred"]
[Black "Herberich,Martin"]
[Site "Wertheim"]
[Round "5.12"]
[Annotator ""]
[Result "1/2-1/2"]
[Date "2022.04.20"]
[WhiteElo "1733"]
[BlackElo "1800"]
[PlyCount "42"]

1. c4 e6 2. g3 d5 3. d4 Nf6 4. Nf3 c6 5. b3 Be7 6. Bg2 O-O 7. O-O Nbd7 8. Bb2 b6 9. Nc3 Bb7 10. Re1 Rc8 11. Ne5 Nxe5 12. dxe5 Nd7 13. cxd5 cxd5 14. e4 Bb4 15. Rc1 dxe4 16. Bxe4 Nc5 17. Bxb7 Nxb7 18. Qf3 Qe7 19. Red1 Rfd8 20. Rxd8+ Nxd8 21. Kg2 Qb7 1/2-1/2